000 01280nam a2200325 c 4500
003 BLK
005 20180422105009.0
008 180409b bul|||||r ||||||| ||bul||
010 _aKNG00100484000
020 _a954-733-246-5
_bиздат.: Прозорец
040 _aBLK
041 _aBUL
_cBUL
080 _aАмериканска литература (на САЩ)
_b821.111(73)
_x-312.4
_z821.111(73)-312.4
100 1 _aКланси, Том
_eпърви автор
_979533
700 1 _aНиколов, Константин
_eпрев. от англ.
_9374123
700 1 _aТалев, Павел
_eпрев. от англ.
_9364722
139 _aКланси, Том
_bК 63
245 1 0 _aГолямата надпревара
_bРоман
_cТом Кланси; прев. от англ. Константин Николов; прев. от англ. Павел Талев.
257 _aUSA
260 София
_bПрозорец
_c2002
_fСофия : Инвестпрес
300 _a408 с.
_c20 см
380 _aX
490 1 _aТом Кланси
_v5
500 _aОриг. загл. The Great Race / Tom Clancy
852 _aЦб 210870
856 4 _qpdf
_u
856 4 _qpdf
_u
942 _cKNG
_n0
_01
944 _aCR
_c01.01.2002
_kГеновева_Генчева
944 _aED
_c18.01.2005
_k
999 _c95623
_d95623